Mujer e igualdad: participación política y erradicación de la violencia

Guardat en:
Dades bibliogràfiques
Autors principals: Abril Stoffels, Ruth María (Autor), Echevarría Llombart, Begoña (Autor), Encarnación, Ana María de la (Autor), Esteve Mallent, Lara (Autor), García Cubells, María Rosario (Autor), García González, Javier (Autor), García Guillamón, Concepción (Autor), Hurtado Mullor, María José (Autor), López-García-Torres, Rocío (Autor), Marco Marco, Joaquín J (Autor), Pascual Serrats, Rosa (Autor), Saneleuterio, Elia (Autor), Sanz Caballero, Susana (Autor), Siles Ojeda, Begoña (Autor), Uribe Otalora, Ainhoa (Autor)
Altres autors: Martínez Sospedra, Manuel (autor)
Format: Llibre
Idioma:espanyol
Publicat: Barcelona Huygens 2015
Edició:1a. ed
Matèries:
Etiquetes: Afegir etiqueta
Sense etiquetes, Sigues el primer a etiquetar aquest registre!

MARC

LEADER 00000cam a2200000 a 4500
001 UCC8973
003 CL-VaPUC
008 190830e20150000sp |||||||||||||||||spa|d
020 |a 9788415663461 
082 0 4 |a 342.0878  |b ABR  |2 21 
100 0 |a Abril Stoffels, Ruth María  |e author  |9 603696 
700 0 |a Echevarría Llombart, Begoña  |e author  |9 603697 
700 0 |a Encarnación, Ana María de la  |e author  |9 603698 
700 0 |a Esteve Mallent, Lara  |e author  |9 603699 
700 0 |a García Cubells, María Rosario  |e author  |9 603700 
700 |a García González, Javier  |e author  |9 603701 
700 0 |a García Guillamón, Concepción  |e author  |9 603702 
700 0 |a Hurtado Mullor, María José  |e author  |9 603703 
700 0 |a López-García-Torres, Rocío  |e author  |9 603704 
700 0 |a Marco Marco, Joaquín J  |e author  |9 603705 
700 |a Martínez Sospedra, Manuel  |e autor  |9 603706 
700 0 |a Pascual Serrats, Rosa  |e author  |9 603707 
700 0 |a Saneleuterio, Elia  |e author  |9 603708 
700 0 |a Sanz Caballero, Susana  |e author  |9 603709 
700 0 |a Siles Ojeda, Begoña  |e author  |9 603710 
700 0 |a Uribe Otalora, Ainhoa  |e author  |9 603711 
245 1 0 |a Mujer e igualdad: participación política y erradicación de la violencia 
250 |a 1a. ed 
300 |a 557 p 
942 |c BK 
945 |d 20190830 10:52:00  |a dcastane 
260 |a Barcelona  |b Huygens  |c 2015 
650 7 |a IGUALDAD DE DERECHOS  |2 CL-VaPUC  |9 450533 
650 0 |a Mujeres y política  |9 540272 
650 7 |a PARTICIPACION POLITICA  |2 CL-VaPUC  |9 603712 
650 0 |a Violencia de género   |9 535002 
583 |a last modification  |c 20190830 10:52:00  |k Rodrigo Vera 
999 |c 375168  |d 375166 
952 |0 0  |1 0  |3 erb  |4 0  |6 342_087800000000000_ABR_2015  |7 0  |8 WP_COW  |9 561112  |a BIBDER  |b BIBDER  |e Fundación W and P Cowley  |i 5596890  |o 342.0878 ABR 2015  |p 5596890  |r 2023-01-25  |w 2020-03-12  |y BK  |z Catalogado en:20190830  |k WPC